Tajnosti Londýna. 2. díl / Paul Féval ; z franc. orig. přel. a upr. Vilém Opatrný
Record details
- Physical Description: 331, [4] s. ; 8°
- Edition: 1. vyd.
- Publisher: Praha : Svoboda, 1972
Content descriptions
| General Note: | 69600 výt. |
Search for related items by series
Available copies
- 1 of 1 copy available at Common Catalog SPOK.
Holds
- 0 current holds with 1 total copy.
Show Only Available Copies
| Location | Call Number / Copy Notes | Barcode | Shelving Location | Status | Due Date |
|---|---|---|---|---|---|
| Hospic Dobrého Pastýře | BE-F
Tematická katagorie: Beletrie (BE) |
2045957009940 | Knihovna | Available | - |
Electronic resources
Version of Resource: Digitalizovaný dokument
| LDR | 00974nam a22003011 4500 | ||
|---|---|---|---|
| 001 | 28588 | ||
| 003 | CZ-PrJAB | ||
| 005 | 20170828090732.0 | ||
| 007 | ta | ||
| 008 | 970120s1972 xr ||| | cze | ||
| 015 | . | ‡acnb000433535 | |
| 020 | . | ‡q(Váz.) | |
| 035 | . | ‡a(CZ PrNK)bk197200816 | |
| 040 | . | ‡aABA001 ‡bcze ‡cPNA001 ‡dABA001 | |
| 041 | 1 | . | ‡acze ‡hfre |
| 080 | . | ‡a840-311.4 ‡2undef | |
| 100 | 1 | . | ‡aFéval, Paul, ‡d1816-1887 ‡7jn19990009777 ‡4aut |
| 245 | 1 | 0. | ‡aTajnosti Londýna. ‡n2. díl / ‡cPaul Féval ; z franc. orig. přel. a upr. Vilém Opatrný |
| 250 | . | ‡a1. vyd. | |
| 260 | . | ‡aPraha : ‡bSvoboda, ‡c1972 ‡f(Rudé právo) | |
| 300 | . | ‡a331, [4] s. ; ‡c8° | |
| 490 | 1 | . | ‡aOmnia |
| 500 | . | ‡a69600 výt. | |
| 700 | 1 | . | ‡aOpatrný, Vilém, ‡d1911-1972 ‡7jk01091169 ‡4trl ‡4adp |
| 765 | 0 | . | ‡tLes Mystères de Londres ‡9Česky |
| 830 | 0. | ‡aOmnia (Svoboda) | |
| 856 | 4 | 1. | ‡uhttp://kramerius4.nkp.cz/search/handle/uuid:99ef83f0-0653-11e3-9923-005056827e52 ‡yDigitalizovaný dokument |
| 910 | . | ‡aBNE702 | |
| 998 | . | ‡a000433535 | |
| 901 | . | ‡a28588 ‡b ‡c28588 ‡tbiblio | |